Wonky Word Clicking - S - #2 - Statistics

General Stats
  • This quiz has been taken 247 times
  • The average score is 10 of 15
Answer Stats
Hint Answer % Correct
Shell -shocked
96%
Scatter brained
95%
Scoun drel
95%
Scape goat
94%
Slack -jawed
92%
Shin dig
87%
Smid gen
87%
Sass afras
79%
Sky larking
78%
Slap happy
76%
Sober sided
39%
Shatter pated
35%
Slug abed
31%
Slant indicular
18%
Squ ush
15%
No matching quizzes found
Score Distribution
Percent of People with Each Score
Percentile by Number Answered
Your Score History
You have not taken this quiz